| 000 | 00433nam a2200169 a 4500 | ||
|---|---|---|---|
| 001 | 0000-8634 | ||
| 003 | ELIB.Books | ||
| 008 | 110520 1973 | ||
| 035 | _a(ELIB.Books)0000-8780 | ||
| 082 |
_a248.845 _bDe |
||
| 100 | _aDe Haan, Richard W. | ||
| 245 | _aThe Wonderful Difficult Years | ||
| 260 |
_bWheatons: Victor Books _c1973 |
||
| 650 | _aChristian Life | ||
| 942 |
_2ddc _cBK |
||
| 998 |
_cbat _e2011-05-20 |
||
| 999 |
_c8634 _d8634 |
||